<?xml version="1.0" encoding="UTF-8"?>
<record
    xmlns:xsi="http://www.w3.org/2001/XMLSchema-instance"
    xsi:schemaLocation="http://www.loc.gov/MARC21/slim http://www.loc.gov/standards/marcxml/schema/MARC21slim.xsd"
    xmlns="http://www.loc.gov/MARC21/slim">

  <leader>01850cam a2200361 a 4500</leader>
  <controlfield tag="003">EG-GiCUC</controlfield>
  <controlfield tag="005">20250223030154.0</controlfield>
  <controlfield tag="008">100118s2009    ua h   f m    000 0 eng d</controlfield>
  <datafield tag="040" ind1=" " ind2=" ">
    <subfield code="a">EG-GiCUC</subfield>
    <subfield code="b">eng</subfield>
    <subfield code="c">EG-GiCUC</subfield>
  </datafield>
  <datafield tag="041" ind1="0" ind2=" ">
    <subfield code="a">eng </subfield>
  </datafield>
  <datafield tag="049" ind1=" " ind2=" ">
    <subfield code="a">Deposite</subfield>
  </datafield>
  <datafield tag="097" ind1=" " ind2=" ">
    <subfield code="a">M.Sc</subfield>
  </datafield>
  <datafield tag="099" ind1=" " ind2=" ">
    <subfield code="a">Cai01.12.05.M.Sc.2009.Ba.E</subfield>
  </datafield>
  <datafield tag="100" ind1="0" ind2=" ">
    <subfield code="a">Bassant Mohammed Ibrahim Hashem</subfield>
  </datafield>
  <datafield tag="245" ind1="1" ind2="0">
    <subfield code="a">Effect of radiation on antimycotic activity of some drugs and natural products on candida albicans / </subfield>
    <subfield code="c">Bassant Mohammed Ibrahim Hashem ; Supervised Tarek A. A. Moussa , Samir Mostafa Abdelaziz , Thoraya Mohamed Abdelhamid</subfield>
  </datafield>
  <datafield tag="246" ind1="1" ind2="5">
    <subfield code="a">&#x62A;&#x623;&#x62B;&#x64A;&#x631; &#x627;&#x644;&#x623;&#x634;&#x639;&#x627;&#x639; &#x639;&#x644;&#x649; &#x627;&#x644;&#x646;&#x634;&#x627;&#x637; &#x627;&#x644;&#x62A;&#x636;&#x627;&#x62F; &#x641;&#x637;&#x631;&#x649; &#x644;&#x628;&#x639;&#x636; &#x627;&#x644;&#x623;&#x62F;&#x648;&#x64A;&#x629; &#x648;&#x627;&#x644;&#x645;&#x633;&#x62A;&#x62D;&#x636;&#x631;&#x627;&#x62A; &#x627;&#x644;&#x637;&#x628;&#x64A;&#x639;&#x64A;&#x629; &#x639;&#x644;&#x649; &#x643;&#x627;&#x646;&#x62F;&#x64A;&#x62F;&#x627; &#x627;&#x644;&#x628;&#x64A;&#x643;&#x627;&#x646;&#x633;</subfield>
  </datafield>
  <datafield tag="260" ind1=" " ind2=" ">
    <subfield code="a">Cairo : </subfield>
    <subfield code="b">Bassant Mohammed Ibrahim Hashem , </subfield>
    <subfield code="c">2009</subfield>
  </datafield>
  <datafield tag="300" ind1=" " ind2=" ">
    <subfield code="a">136Leaves : </subfield>
    <subfield code="b">facsimiles ; </subfield>
    <subfield code="c">30cm</subfield>
  </datafield>
  <datafield tag="502" ind1=" " ind2=" ">
    <subfield code="a">Thesis (M.Sc.D) - Cairo University - Faculty of Science - Department of Botany - Microbiology</subfield>
  </datafield>
  <datafield tag="520" ind1=" " ind2=" ">
    <subfield code="a">A total of 133 clinical specimen were collected from 108 patients subjected to chemotherapy and 17 patients subjected to radiotherapy . 81 Tongue specimens (77 from chemotherapy and 4 from radiotherapy with ratio 66.4% , 23.5% respectively ) 11 Buccal mucosa specimens ( 9 from chemotherapy, 2 from radiotherapy with ratio 7.8% , 11.8% respectively)</subfield>
  </datafield>
  <datafield tag="530" ind1=" " ind2=" ">
    <subfield code="a">Issued also as CD </subfield>
  </datafield>
  <datafield tag="653" ind1=" " ind2="4">
    <subfield code="a">Candida albicans </subfield>
  </datafield>
  <datafield tag="653" ind1=" " ind2="4">
    <subfield code="a">Dark condition</subfield>
  </datafield>
  <datafield tag="653" ind1=" " ind2="4">
    <subfield code="a">Gamma and solar radiation</subfield>
  </datafield>
  <datafield tag="700" ind1="0" ind2=" ">
    <subfield code="a">Samir Mostafa Abdelaziz , </subfield>
    <subfield code="e">Supervisor</subfield>
  </datafield>
  <datafield tag="700" ind1="0" ind2=" ">
    <subfield code="a">Tarek Abdelmawgoud Abdelmoutilb Moussa , </subfield>
    <subfield code="e">Supervisor</subfield>
  </datafield>
  <datafield tag="700" ind1="0" ind2=" ">
    <subfield code="a">Thoraya Mohamed Abdelhamid , </subfield>
    <subfield code="e">Supervisor</subfield>
  </datafield>
  <datafield tag="856" ind1=" " ind2=" ">
    <subfield code="u">http://172.23.153.220/th.pdf</subfield>
  </datafield>
  <datafield tag="902" ind1=" " ind2=" ">
    <subfield code="a">1</subfield>
  </datafield>
  <datafield tag="905" ind1=" " ind2=" ">
    <subfield code="a">Fatma</subfield>
    <subfield code="e">Cataloger</subfield>
  </datafield>
  <datafield tag="905" ind1=" " ind2=" ">
    <subfield code="a">Nazla</subfield>
    <subfield code="e">Revisor</subfield>
  </datafield>
  <datafield tag="942" ind1=" " ind2=" ">
    <subfield code="2">ddc</subfield>
    <subfield code="c">TH</subfield>
  </datafield>
  <datafield tag="999" ind1=" " ind2=" ">
    <subfield code="c">29122</subfield>
    <subfield code="d">29122</subfield>
  </datafield>
  <datafield tag="952" ind1=" " ind2=" ">
    <subfield code="2">ddc</subfield>
    <subfield code="7">0</subfield>
    <subfield code="a">CUCL</subfield>
    <subfield code="b">cl210</subfield>
    <subfield code="d">2024-02-11</subfield>
    <subfield code="o">Cai01.12.05.M.Sc.2009.Ba.E</subfield>
    <subfield code="p">01010110052455000</subfield>
    <subfield code="r">2023-09-22 00:00:00</subfield>
    <subfield code="y">TH</subfield>
  </datafield>
  <datafield tag="952" ind1=" " ind2=" ">
    <subfield code="2">ddc</subfield>
    <subfield code="7">0</subfield>
    <subfield code="a">CUCL</subfield>
    <subfield code="b">cl2u8</subfield>
    <subfield code="d">2024-02-11</subfield>
    <subfield code="o">Cai01.12.05.M.Sc.2009.Ba.E</subfield>
    <subfield code="p">01020110052455000</subfield>
    <subfield code="r">2023-09-22 00:00:00</subfield>
    <subfield code="t">52455.CD</subfield>
    <subfield code="y">CD</subfield>
  </datafield>
</record>
